| 000 | 00616nam a2200217Ii 4500 | ||
|---|---|---|---|
| 003 | JO-AjNU | ||
| 008 | 230606s9999||||xx |||||||||||||| ||und|| | ||
| 020 | _a0-415-28764-2 , 978-0-415-28764-7 | ||
| 040 |
_aJO-AjNU _beng _erda _cJO-AjNU |
||
| 041 | _aeng | ||
| 050 | 1 | 4 | _aPR502.W27 2009 |
| 100 | 3 |
_aWainWright, jeffrey, _eauthor _942 |
|
| 245 | 0 | 0 | _aPOETRY THE BASICS |
| 250 | _a1 ed | ||
| 264 | 3 | 1 | _aNew York:Routledge ,2009 |
| 300 | _a223P | ||
| 336 |
_atext _btxt _2rdacontent |
||
| 337 |
_aunmediated _bn _2rdamedia |
||
| 338 |
_avolume _bnc _2rdacarrier |
||
| 650 | 4 |
_aEnglish Poetry - History annd Criticism _943 |
|
| 999 |
_aE25 _c25 _d25 |
||